000 01553nas a2200385 c 4500
001 25226
003 ES-MaCES
005 20250328122301.0
007 cr |||||||||||
008 931201c1979 xxkq| | |eng d
022 1 _a0144-5596
035 _aCES19980002068p
_z10210
040 _aES-MaCES
_bspa
_cES-MaCES
245 0 0 _aSocial Policy and Administration
260 _aOxford (Cowley Road, 108, OX4 1JF)
_aCambridge (Main Street, 238, MA 02142)
_bBlackwell
300 _av.
_c23 cm
310 _a7 nos. al año desde 2007
321 _a5 nos. al año desde 1997
321 _aTrimestral
500 _aEs continuación de: Social and economic administration
500 _aDescripción basada en: v. 27, no. 1 (Mar. 1993)
500 _aTít. tomado de la cub
541 _cCompra
650 4 _aadministración pública
_927214
650 4 _apolítica social
_927029
653 1 0 _aAsuntos Sociales
853 2 1 _avol.
_bno.
_iaño
_jmes
_vr
_wm
_ypm02,04,06,08,10,11,12
856 4 1 _uhttp://onlinelibrary.wiley.com/journal/10.1111/(ISSN)1467-9515/issues
_ytexto completo desde vol. 1, n. 1 (1967)
_zAcceso para usuarios registrados
856 4 _uhttp://www.ces.es/claves-usuario
_yClaves de acceso
866 0 _a1993-2017(2018-2023)2024-
_zUbicación: DEPÓSITO - 10210
_zUbicación: SALA - REV.-3.3.-4
905 _1Boletín B
_fP
_k
_nSociPolAdm
_pA
942 _2CES
_cCR
_h3.3.
999 _c25226
_d25226